[Event "Wch U10 Girls"]
[Site "Batumi"]
[Date "2016.10.28"]
[Round "9.1"]
[White "Munkhzul, Davaakhuu"]
[Black "Khodadadi, Fatemeh"]
[Result "1-0"]
[WhiteElo "1808"]
[BlackElo "1545"]
[PlyCount "51"]
[EventDate "2016.10.19"]
[EventType "swiss"]
[EventRounds "11"]
[EventCountry "GEO"]
[SourceTitle "EXT 2018"]
[Source "ChessBase"]
[SourceDate "2017.10.13"]
[SourceVersion "1"]
[SourceVersionDate "2017.10.13"]
[SourceQuality "1"]

1. e4 c5 2. Nf3 Nc6 3. d4 cxd4 4. Nxd4 Nf6 5. Nc3 g6 6. Nxc6 bxc6 7. e5 Ng8 8. Bc4 Bg7 9. Bf4 Qb6 10. Bb3 a5 11. a4 Qc5 12. 0-0 Bxe5 13. Bxe5 Qxe5 14. Re1 Qg7 15. Ne4 e6 16. Nd6+ Ke7 17. Nc4 Ra6 18. Qd6+ Kd8 19. Rad1 Nf6 20. Ne5 Ke8 21. Bc4 Qf8 22. Qb8 Ke7 23. Bxa6 Bxa6 24. Nxc6+ dxc6 25. Qd6+ Ke8 26. Qd8# 1-0

[Event "Wch U10 Girls"]
[Site "Batumi"]
[Date "2016.10.24"]
[Round "6.1"]
[White "Shohradova, Lala"]
[Black "Khodadadi, Fatemeh"]
[Result "1/2-1/2"]
[WhiteElo "1369"]
[BlackElo "1545"]
[PlyCount "119"]
[EventDate "2016.10.19"]
[EventType "swiss"]
[EventRounds "11"]
[EventCountry "GEO"]
[SourceTitle "EXT 2018"]
[Source "ChessBase"]
[SourceDate "2017.10.13"]
[SourceVersion "1"]
[SourceVersionDate "2017.10.13"]
[SourceQuality "1"]

1. d4 d5 2. c4 e6 3. Nf3 Nf6 4. Bg5 Be7 5. e3 Nbd7 6. Nc3 c6 7. cxd5 exd5 8. Bd3 0-0 9. 0-0 Re8 10. Qc2 h6 11. Bh4 Ne4 12. Bxe7 Qxe7 13. Rab1 Nd6 14. b4 b5 15. Rfe1 Nf6 16. Ne5 Bb7 17. f3 Nc4 18. Bxc4 bxc4 19. e4 Qd6 20. Qf2 Rad8 21. b5 Ba8 22. Nxc6 Bxc6 23. e5 Qa3 24. exf6 Qxc3 25. bxc6 Rxe1+ 26. Rxe1 gxf6 27. c7 Rc8 28. Rb1 Kh7 29. Rb8 Qa1+ 30. Qf1 Qxf1+ 31. Kxf1 Rxc7 32. Ke2 Kg6 33. Kd2 Rc6 34. Kc3 Ra6 35. Rb2 Ra3+ 36. Kb4 Rd3 37. Kc5 c3 38. Rc2 Rd2 39. Rxc3 Rxg2 40. Kxd5 Rxa2 41. Kc6 Rxh2 42. d5 Rd2 43. d6 Kf5 44. d7 Kf4 45. Kc7 h5 46. d8Q Rxd8 47. Kxd8 h4 48. Rc4+ Kg3 49. Rg4+ Kxf3 50. Rxh4 f5 51. Ke7 f4 52. Kxf7 Kg3 53. Rh8 f3 54. Ke6 f2 55. Rf8 Kg2 56. Kd5 f1Q 57. Rxf1 Kxf1 58. Kc5 a5 59. Kb5 Ke2 60. Kxa5 1/2-1/2